000 00392nam a22001457a 4500
999 _c7866
_d7866
003 OSt
005 20190319104335.0
008 190319b ||||| |||| 00| 0 eng d
040 _cDLC
082 _a307.72
245 _aScholar Guide: rural Sociology- II Year
_bPart B
260 _achidambaram:
_bOM Sakthi Pathippagam:
_cc. 1995
300 _a150 p.; Part-B; II year
_c20 cm
942 _2ddc
_cBK